| 000 | 00455nam a2200133 4500 | ||
|---|---|---|---|
| 999 |
_c7818 _d7818 |
||
| 020 | _a9781416026037 | ||
| 050 |
_aR859 _b.83 |
||
| 100 |
_aBuck, Carol J. _aStahl, Cynthia |
||
| 245 |
_aStudent manual with daily tasks [for] Practice kit for medical front office skills _cby Carol J Buck; Cynthia Stahl; Jacqueline Grass |
||
| 260 |
_aSt. Louis : _bSaunders Elsevier, _c2007 |
||
| 300 | _a569 pp | ||
| 650 |
_aMedical offices. _xOffice Management |
||
| 942 | _cBK | ||